|
|
|
|
| LEADER |
00000nas a2200000 a 4500 |
| 001 |
ssj0000399745 |
| 003 |
WaSeSS |
| 005 |
20200512172242.0 |
| 006 |
m d |
| 007 |
cr n |
| 008 |
081121c20099999nz x s 0 a0eng c |
| 010 |
|
|
|a 2012247802
|
| 016 |
7 |
|
|a 101526749
|2 DNLM
|
| 022 |
|
|
|a 1179-139X
|l 1179-139X
|
| 035 |
|
|
|a (WaSeSS)ssj0000399745
|
| 040 |
|
|
|a NZ1
|b eng
|c NZ1
|d OCLCQ
|d FQM
|d OCLCQ
|d PFM
|d CUS
|d OCLCF
|d EUW
|d NLM
|d OCLCQ
|d WaSeSS
|
| 042 |
|
|
|a pcc
|
| 050 |
1 |
4 |
|a QR187.5
|
| 060 |
0 |
0 |
|a W1
|
| 082 |
0 |
4 |
|a 616.079
|2 22
|
| 210 |
1 |
0 |
|a Int J Interferon Cytokine Mediat Res
|2 dnlm
|
| 210 |
1 |
|
|a Int. j. interferon cytokine mediat. res.
|
| 222 |
|
0 |
|a International journal of interferon, cytokine and mediator research
|
| 245 |
0 |
0 |
|a International journal of interferon, cytokine and mediator research
|h [electronic resource].
|
| 260 |
|
|
|a [Auckland, N.Z.] :
|b Dove Medical Press
|
| 310 |
|
|
|a Irregular
|
| 362 |
1 |
|
|a Began with v. 1 (2009).
|
| 506 |
|
|
|a License restrictions may limit access.
|
| 515 |
|
|
|a Articles added irregularly during the year and collected into annual issues.
|
| 588 |
|
|
|a Description based on v. 1 (2009); title from journal home page (viewed July 7, 2009).
|
| 588 |
|
|
|a Latest issue consulted: 2015:7 (viewed Jan. 6, 2016).
|
| 650 |
|
0 |
|a Interferon
|v Periodicals.
|
| 650 |
|
0 |
|a Cytokines
|v Periodicals.
|
| 650 |
|
0 |
|a Inflammation
|x Mediators
|v Periodicals.
|
| 650 |
1 |
2 |
|a Interferons.
|
| 650 |
2 |
2 |
|a Cytokines.
|
| 650 |
2 |
2 |
|a Inflammation Mediators.
|
| 650 |
|
7 |
|a Cytokines.
|2 fast
|0 (OCoLC)fst00886268
|
| 650 |
|
7 |
|a Inflammation
|x Mediators.
|2 fast
|0 (OCoLC)fst00972436
|
| 650 |
|
7 |
|a Interferon.
|2 fast
|0 (OCoLC)fst00976239
|
| 655 |
|
0 |
|a Electronic journals.
|
| 856 |
4 |
0 |
|z Full text available from Research Library: 01/01/2009 to 01/31/2016
|u https://search.proquest.com/publication/3933146
|